Transmaterial : a catalog of materials that redefine our physical environment (Record no. 9583)

000 -LEADER
fixed length control field 00374nam a2200133 4500
003 - CONTROL NUMBER IDENTIFIER
control field OSt
005 - DATE AND TIME OF LATEST TRANSACTION
control field 20210705112012.0
008 - FIXED-LENGTH DATA ELEMENTS--GENERAL INFORMATION
fixed length control field 210705b ||||| |||| 00| 0 eng d
020 ## - INTERNATIONAL STANDARD BOOK NUMBER
International Standard Book Number 9781568985633
082 ## - DEWEY DECIMAL CLASSIFICATION NUMBER
Classification number 620.11
Item number BRO
100 ## - MAIN ENTRY--PERSONAL NAME
Personal name Brownell, Blaine Erickson, 1970-
245 ## - TITLE STATEMENT
Title Transmaterial : a catalog of materials that redefine our physical environment
942 ## - ADDED ENTRY ELEMENTS (KOHA)
Source of classification or shelving scheme
Holdings
Withdrawn status Lost status Source of classification or shelving scheme Damaged status Koha normalized classification for sorting Not for loan Permanent location Current location Date acquired Full call number Barcode Date last seen Price effective from Koha item type
        620_110000000000000_BRO   BMS College of Architecture, Design and Planning BMS College of Architecture, Design and Planning 2021-07-05 620.11 BRO AR-RD130 2021-07-05 2021-07-05 R&D Books
Copyright © 2025, The Librarian, Library and Information Centre, BMSCA D&P, Bengaluru. All Rights Reserved
web counter

Powered by Koha